AI applications in knowledge navigation and retrieval : [technical report] : papers from the 1995 AAAI Fall Symposium, November 10-12, Cambridge, Massachusetts

Αποθηκεύτηκε σε:
Λεπτομέρειες βιβλιογραφικής εγγραφής
Συλλογικό Έργο: AAAI Fall Symposium Cambridge, Mass., American Association for Artificial Intelligence
Μορφή: Πρακτικό Συνεδρίου Βιβλίο
Γλώσσα:English
Δημοσίευση: Menlo Park, Calif. : AAAI Press, c1995.
Ετικέτες: Προσθήκη ετικέτας
Δεν υπάρχουν, Καταχωρήστε ετικέτα πρώτοι!

MARC

LEADER 00000cam a2200000 i 4500
001 1/25877
008 020724s1995 cau| ||| |||| ||eng||
020 |a 0929280954 
035 |l 10068146 
040 |a GR-MyUa  |b gre  |e AACR2 
041 0 |a eng 
111 2 |a AAAI Fall Symposium   |d (1995 :   |c Cambridge, Mass.) 
245 1 0 |a AI applications in knowledge navigation and retrieval :   |b [technical report] : papers from the 1995 AAAI Fall Symposium, November 10-12, Cambridge, Massachusetts /   |c sponsored by American Association for Artificial Intelligence. 
260 |a Menlo Park, Calif. :   |b AAAI Press,   |c c1995. 
300 |a viii, 155 σ. ;   |c 28 εκ. 
504 |a Περιλαμβάνει βιβλιογραφικές παραπομπές. 
710 2 |a American Association for Artificial Intelligence. 
852 |a INST  |b SAMOS  |e 20020724  |p 005300021379  |q 005300021379  |t BK  |y 0 
852 |a INST  |b SAMOS  |e 20020724  |p 005300021380  |q 005300021380  |t BK  |y 0 
852 |a INST  |b SAMOS  |e 20020724  |p 005300021381  |q 005300021381  |t BK  |y 0 
901 |a BIBL3-2002-2 
922 |a 3ΕΛΗ  |b 200007  |c ΤΠΕΣ/ΠΟΛ2  |d LEADER 
970 |a ΠΟΥΡΝΑΡΑΣ  |b ΔΗΜΗΤΡΗΣ  |z 2002/07/02